Простые разрезы; Электротехника, электромеханика и электротехнологии; Т. 1: Секция 1-2. Электроизоляционная и кабельная техника. Электротехническое материаловедение и электротехнологии. Секции 8-9. Электрические машины. Электрические и электронные аппараты. Секция 10. Инженерная и компьютерная графика

Dettagli Bibliografici
Parent link:Электротехника, электромеханика и электротехнологии: труды IX региональной научно-практической студенческой конференции, 2-5 июня 2009 г., Томск/ Томский политехнический университет (ТПУ), Электротехнический институт (ЭЛТИ).— , 2009
Т. 1: Секция 1-2. Электроизоляционная и кабельная техника. Электротехническое материаловедение и электротехнологии. Секции 8-9. Электрические машины. Электрические и электронные аппараты. Секция 10. Инженерная и компьютерная графика.— 2009.— С. 226-232
Autore principale: Михайлов А. Ю.
Altri autori: Франковский Б. А. (научный руководитель)
Lingua:russo
Pubblicazione: 2009
Soggetti:
Natura: MixedMaterials Capitolo di libro
KOHA link:https://koha.lib.tpu.ru/cgi-bin/koha/opac-detail.pl?biblionumber=198114

MARC

LEADER 00000naa2a2200000 4500
001 198114
005 20231031183756.0
035 |a (RuTPU)RU\TPU\book\216097 
090 |a 198114 
100 |a 20110623d2009 k y0rusy50 ca 
101 0 |a rus 
102 |a RU 
200 1 |a Простые разрезы  |f А. Ю. Михайлов  |g науч. рук. Б. А. Франковский 
461 1 |0 (RuTPU)RU\TPU\book\209139  |t Электротехника, электромеханика и электротехнологии  |o труды IX региональной научно-практической студенческой конференции, 2-5 июня 2009 г., Томск  |f Томский политехнический университет (ТПУ), Электротехнический институт (ЭЛТИ)  |d 2009 
463 0 |0 (RuTPU)RU\TPU\book\208721  |t Т. 1: Секция 1-2. Электроизоляционная и кабельная техника. Электротехническое материаловедение и электротехнологии. Секции 8-9. Электрические машины. Электрические и электронные аппараты. Секция 10. Инженерная и компьютерная графика  |v С. 226-232  |d 2009  |p 280 с. 
610 1 |a разрезы 
610 1 |a изображение 
610 1 |a плоскость 
610 1 |a сечение 
610 1 |a детали 
610 1 |a конструирование 
610 1 |a труды учёных ТПУ 
700 1 |a Михайлов  |b А. Ю. 
702 1 |a Франковский  |b Б. А.  |4 727 
801 1 |a RU  |b 63413507  |c 20110623 
801 2 |a RU  |b 63413507  |c 20111121  |g RCR 
942 |c BK